| 000 | 00355 a2200157 4500 | ||
|---|---|---|---|
| 001 | 68280 | ||
| 020 | _a9783852727851 | ||
| 040 | _cAnchieta - Pituba | ||
| 100 | _aPerrault, Charles | ||
| 240 | 1 | 0 |
_aBeauty and the beast _leng |
| 245 | 1 | 0 | _aBeauty and the beast |
| 300 | _a32 | ||
| 362 | 0 | _a2014 | |
| 650 | 4 | _aLiteratura juvenil em inglês | |
| 942 | _cBK | ||
| 999 |
_c68280 _d68280 |
||